Văn bản hướng dẫn thi hành luật thương mại
Giới thiệu các văn bản quy phạm pháp luật về thương mại, luật thương mại bao gồm các hoạt động mua, bán hàng hoá, cung ứng dịch vụ, xúc tiến thương mại, các hoạt động trung gian
Đã lưu trong:
| Formáid: | Leabhar |
|---|---|
| Teanga: | Undetermined |
| Foilsithe: |
Hà Nội
Tài chính
1998
|
| Ábhair: | |
| Clibeanna: |
Cuir Clib Leis
Gan Chlibeanna, Bí ar an gcéad duine leis an taifead seo a chlibeáil!
|
| Thư viện lưu trữ: | Trung tâm Học liệu Trường Đại học Cần Thơ |
|---|
| LEADER | 00802nam a2200193Ia 4500 | ||
|---|---|---|---|
| 001 | CTU_28525 | ||
| 008 | 210402s9999 xx 000 0 und d | ||
| 020 | |c 12000 | ||
| 082 | |a 346.597065 | ||
| 082 | |b V115 | ||
| 245 | 0 | |a Văn bản hướng dẫn thi hành luật thương mại | |
| 260 | |a Hà Nội | ||
| 260 | |b Tài chính | ||
| 260 | |c 1998 | ||
| 520 | |a Giới thiệu các văn bản quy phạm pháp luật về thương mại, luật thương mại bao gồm các hoạt động mua, bán hàng hoá, cung ứng dịch vụ, xúc tiến thương mại, các hoạt động trung gian | ||
| 650 | |a Commercial laws | ||
| 650 | |z Vietnam | ||
| 904 | |i Nguyễn Quang Điền | ||
| 980 | |a Trung tâm Học liệu Trường Đại học Cần Thơ | ||